| 000 | 01803nam a2200337 i 4500 | ||
|---|---|---|---|
| 001 | nkc20193101114 | ||
| 003 | CZ PrSKC | ||
| 005 | 20260202112451.0 | ||
| 007 | ta | ||
| 008 | 190605s2019 xr a a 000 1 cze | ||
| 020 |
_a9788000053363 _cKč 199,00 |
||
| 040 |
_aBOA001 _bcze _dOLA001 _dABA001 _erda |
||
| 072 | 7 |
_a821-93 _xLiteratura pro děti a mládež (beletrie) _2Konspekt |
|
| 080 |
_a821-93 _2MRF |
||
| 080 |
_a(0.025.2) _2MRF |
||
| 100 | 1 |
_aSekaninová, Štěpánka _4aut _912620 |
|
| 245 | 1 | 0 |
_aCo se děje ve škole / _cnapsala Štěpánka Sekaninová ; ilustrovala Kateřina Hikadová |
| 250 | _aPrvní vydání | ||
| 264 | 1 |
_aV Praze : _bAlbatros, _c2019 |
|
| 300 |
_a18 nečíslovaných stran : _bbarevné ilustrace ; _c30 cm |
||
| 500 | _a"Pro nakladatelství Albatros v Praze ve společnosti Albatros Media a.s. ... připravilo nakladatelství B4U Publishing"--Tiráž | ||
| 500 | _aKartonové listy | ||
| 520 | 2 |
_aVelkoformátové obrázkové leporelo, které shrnuje denní režim dětí ve škole. _bKniha se skládá vždy z dvoustrany, kde je charakterizováno konkrétní místo ve škole a činnosti, které obvykle děti, učitelé a další zaměstnanci školy na daném místě dělají. A následující dvoustrana pak pomáhá dětem rozvíjet slovní zásobu při popisu konkrétních činností. Ve škole nejsou jen třídy, tělocvična, školní jídelna a družina, ale také sborovna, kde se učitelé připravují na výuku, a malá zahrádka, kde si mohou děti společně s učiteli vypěstovat chutnou zeleninu. |
|
| 655 | 7 |
_aleporela _9906 |
|
| 655 | 7 | _apublikace pro děti | |
| 655 | 9 |
_afolding picture-books _97353 |
|
| 655 | 9 | _achildren's literature | |
| 700 | 1 |
_aHikadová, Kateřina, _d1989- _4ill _911846 |
|
| 910 | _aABG508 | ||
| 999 |
_c33913 _d33913 |
||